[Event "BEL-chT 1617"]
[Site "Belgium"]
[Date "2017.02.19"]
[Round "8.6"]
[White "Van der Stricht, Geert"]
[Black "Van der Auweraert, Elwin"]
[Result "0-1"]
[WhiteElo "2379"]
[BlackElo "2267"]
[PlyCount "86"]
[EventDate "2016.10.02"]
[EventType "team-tourn"]
[EventRounds "11"]
[EventCountry "BEL"]
[SourceTitle "EXT 2018"]
[Source "ChessBase"]
[SourceDate "2017.10.13"]
[SourceVersion "1"]
[SourceVersionDate "2017.10.13"]
[SourceQuality "1"]
[WhiteTeam "KGSRL"]
[BlackTeam "Wachtebeke"]
[WhiteTeamCountry "BEL"]
[BlackTeamCountry "BEL"]

1. d4 Nf6 2. c4 e6 3. Nc3 Bb4 4. e3 0-0 5. Bd3 d5 6. Nf3 c5 7. 0-0 dxc4 8. Bxc4 Nbd7 9. a3 cxd4 10. axb4 dxc3 11. bxc3 Qc7 12. Be2 Nb6 13. Qd4 Rd8 14. Qh4 Qxc3 15. Ra3 Qc2 16. Nd4 Qe4 17. f4 Rxd4 18. Bf3 Qc2 19. exd4 Nc4 20. Ra1 Qc3 21. Ra2 Qxb4 22. g4 Bd7 23. g5 Nd5 24. Bxd5 exd5 25. f5 Bxf5 26. Qf4 g6 27. Qf3 Qd6 28. Bf4 Qe6 29. Re2 Be4 30. Qg3 a5 31. Be5 Nxe5 32. dxe5 Re8 33. Rf6 Qxe5 34. Qxe5 Rxe5 35. h4 b5 36. Rb6 d4 37. Rd6 d3 38. Rxd3 Rxg5+ 39. hxg5 Bxd3 40. Re3 Bc4 41. Re8+ Kg7 42. Ra8 a4 43. Kf2 h6 0-1

[Event "BEL-chT 1617"]
[Site "Belgium"]
[Date "2017.02.12"]
[Round "7.5"]
[White "Wantiez, Fabrice"]
[Black "Van der Auweraert, Elwin"]
[Result "1-0"]
[WhiteElo "2339"]
[BlackElo "2267"]
[PlyCount "53"]
[EventDate "2016.10.02"]
[EventType "team-tourn"]
[EventRounds "11"]
[EventCountry "BEL"]
[SourceTitle "EXT 2018"]
[Source "ChessBase"]
[SourceDate "2017.10.13"]
[SourceVersion "1"]
[SourceVersionDate "2017.10.13"]
[SourceQuality "1"]
[WhiteTeam "Fontaine"]
[BlackTeam "Wachtebeke"]
[WhiteTeamCountry "BEL"]
[BlackTeamCountry "BEL"]

1. e4 c5 2. Nf3 d6 3. d4 cxd4 4. Nxd4 Nf6 5. Nc3 a6 6. h3 e6 7. g4 d5 8. Bg2 Bb4 9. Bd2 Nc6 10. Nxc6 bxc6 11. 0-0 a5 12. g5 Nd7 13. exd5 cxd5 14. Nxd5 Bxd2 15. Qxd2 exd5 16. Bxd5 Ra6 17. Rfe1+ Kf8 18. Qf4 Nf6 19. Bc4 Rd6 20. gxf6 Rxf6 21. Qe5 Bxh3 22. Rad1 Rg6+ 23. Kh2 Bd7 24. Re4 Rc6 25. Rd6 f5 26. Qxf5+ Bxf5 27. Rxd8# 1-0

[Event "Korbach op 8th"]
[Site "Korbach"]
[Date "2016.10.23"]
[Round "6"]
[White "Kristofori, Attila"]
[Black "Van der Auweraert, Elwin"]
[Result "0-1"]
[WhiteElo "2098"]
[BlackElo "2267"]
[PlyCount "102"]
[EventDate "2016.10.20"]
[EventType "swiss"]
[EventRounds "7"]
[EventCountry "GER"]
[SourceTitle "CBM 175 Extra"]
[Source "ChessBase"]
[SourceDate "2016.12.12"]
[SourceVersion "1"]
[SourceVersionDate "2016.12.12"]
[SourceQuality "1"]

1. d4 Nf6 2. c4 g6 3. Nf3 Bg7 4. g3 0-0 5. Bg2 c6 6. 0-0 d6 7. Nc3 Bf5 8. Nh4 Be6 9. d5 cxd5 10. cxd5 Bd7 11. Be3 Na6 12. Bd4 Nc7 13. Qd3 b5 14. a3 Qb8 15. e4 b4 16. axb4 Qxb4 17. e5 Ng4 18. e6 Qxd4 19. Qxd4 Bxd4 20. exd7 Rfd8 21. Ra4 Bxc3 22. bxc3 Ne5 23. Rfa1 a6 24. Nf3 Nxd7 25. Nd4 Nc5 26. Rb4 a5 27. Rbb1 a4 28. Nc6 Re8 29. Ra3 N7a6 30. Bf1 Nc7 31. Bc4 Kf8 32. Nd4 e6 33. Rb6 exd5 34. Bb5 Nxb5 35. Nxb5 Reb8 36. Rxb8+ Rxb8 37. Nd4 Rb2 38. h4 h5 39. Kg2 Ne4 40. Rxa4 Rxf2+ 41. Kg1 Rd2 42. Ra8+ Kg7 43. Nb5 Rd3 44. Nc7 Rxg3+ 45. Kh2 Rxc3 46. Ne8+ Kh6 47. Ra7 Rc8 48. Nc7 d4 49. Nd5 Rc2+ 50. Kh3 Rc5 51. Nf4 Rf5 0-1

[Event "Korbach op 8th"]
[Site "Korbach"]
[Date "2016.10.22"]
[Round "4"]
[White "Hoekstra, Peter"]
[Black "Van der Auweraert, Elwin"]
[Result "1/2-1/2"]
[WhiteElo "2092"]
[BlackElo "2267"]
[PlyCount "74"]
[EventDate "2016.10.20"]
[EventType "swiss"]
[EventRounds "7"]
[EventCountry "GER"]
[SourceTitle "CBM 175 Extra"]
[Source "ChessBase"]
[SourceDate "2016.12.12"]
[SourceVersion "1"]
[SourceVersionDate "2016.12.12"]
[SourceQuality "1"]

1. e4 c5 2. Nc3 Nc6 3. f4 g6 4. Nf3 Bg7 5. Bb5 Nd4 6. 0-0 Nxb5 7. Nxb5 d5 8. exd5 a6 9. Nc3 Nh6 10. d4 cxd4 11. Nxd4 Qb6 12. Nce2 Nf5 13. c3 Nxd4 14. Nxd4 Bxd4+ 15. Qxd4 Qxd4+ 16. cxd4 Bf5 17. d6 exd6 18. Re1+ Kd7 19. Bd2 Be6 20. a3 Bd5 21. Rac1 Rac8 22. Rxc8 Rxc8 23. Rc1 Rxc1+ 24. Bxc1 Kc6 25. Bd2 Kb5 26. Kf2 Kc4 27. g3 Kd3 28. Bb4 f5 29. Bxd6 Kc2 30. b4 b5 31. Ke3 Kb3 32. Kd2 Kxa3 33. Kc3 Ka2 34. Kc2 Be4+ 35. Kc3 Bd5 36. Kc2 Be4+ 37. Kc3 Kb1 1/2-1/2

[Event "Korbach op 8th"]
[Site "Korbach"]
[Date "2016.10.21"]
[Round "2"]
[White "Ziegenfuss, Holger"]
[Black "Van der Auweraert, Elwin"]
[Result "1/2-1/2"]
[WhiteElo "2063"]
[BlackElo "2267"]
[PlyCount "64"]
[EventDate "2016.10.20"]
[EventType "swiss"]
[EventRounds "7"]
[EventCountry "GER"]
[SourceTitle "CBM 175 Extra"]
[Source "ChessBase"]
[SourceDate "2016.12.12"]
[SourceVersion "1"]
[SourceVersionDate "2016.12.12"]
[SourceQuality "1"]

1. e4 c5 2. Nf3 Nc6 3. Bb5 e6 4. 0-0 Nge7 5. Re1 Nd4 6. Bf1 Nec6 7. c3 Nxf3+ 8. Qxf3 Be7 9. Qg3 0-0 10. Na3 f5 11. e5 d6 12. d4 cxd4 13. cxd4 Nxd4 14. Bh6 Rf7 15. Bf4 d5 16. Qd3 Nc6 17. Nb5 g5 18. Bd2 a6 19. Nd4 Nxd4 20. Qxd4 Bd7 21. Rac1 Bc6 22. Rc2 Rc8 23. Rec1 Qd7 24. Qb6 Bd8 25. Qa7 Qe8 26. Qd4 Ra8 27. Be2 Rg7 28. Bb4 Bc7 29. Bd2 Qb8 30. Bc3 Qd8 31. Qd2 Qb8 32. Qe3 Qd8 1/2-1/2

[Event "BEL-chT 1617"]
[Site "Belgium"]
[Date "2016.10.16"]
[Round "2.5"]
[White "Van der Auweraert, Elwin"]
[Black "Becker, Martin Alexander"]
[Result "1/2-1/2"]
[WhiteElo "2267"]
[BlackElo "2374"]
[PlyCount "158"]
[EventDate "2016.10.02"]
[EventType "team-tourn"]
[EventRounds "11"]
[EventCountry "BEL"]
[SourceTitle "EXT 2017"]
[Source "ChessBase"]
[SourceDate "2016.10.25"]
[SourceVersion "1"]
[SourceVersionDate "2016.10.25"]
[SourceQuality "1"]
[WhiteTeam "Wachtebeke"]
[BlackTeam "Eynatten"]
[WhiteTeamCountry "BEL"]
[BlackTeamCountry "BEL"]

1. c4 e6 2. Nf3 d5 3. e3 Nf6 4. Be2 Be7 5. b3 0-0 6. Bb2 b6 7. 0-0 Bb7 8. Ne5 Nbd7 9. f4 Ne4 10. Bf3 f6 11. Nxd7 Qxd7 12. Nc3 Rad8 13. Qc2 f5 14. d3 Nxc3 15. Bxc3 c5 16. Be5 Bf6 17. Qb2 dxc4 18. dxc4 Bxf3 19. Rxf3 Qd2 20. Bxf6 gxf6 21. Qxd2 Rxd2 22. Rf2 Rfd8 23. Re1 Kf7 24. Kf1 R2d3 25. e4 fxe4 26. Rxe4 Rd1+ 27. Re1 Kg6 28. Rfe2 Rxe1+ 29. Kxe1 Kf5 30. g4+ Kxg4 31. Rxe6 f5 32. Re7 h6 33. Rxa7 Kxf4 34. Ke2 Rg8 35. Kf2 Rd8 36. Ke2 Re8+ 37. Kf2 Ke4 38. Rd7 Re6 39. Rd1 Kf4 40. Rd3 Rg6 41. Rd8 Ke4 42. Rd7 Kf4 43. Rd1 h5 44. Rd8 h4 45. Rd3 Ke4 46. Re3+ Kd4 47. Rf3 Ke4 48. Re3+ Kf4 49. Rd3 Kg4 50. h3+ Kf4 51. Rf3+ Kg5 52. Rd3 Kf4 53. Rf3+ Ke5 54. Re3+ Kd4 55. Rf3 Rf6 56. Rf4+ Kc3 57. Rxh4 Kb2 58. Rf4 Kxa2 59. Rf3 f4 60. Kg2 Rg6+ 61. Kh2 Rh6 62. Kg2 Rg6+ 63. Kh2 Rh6 64. Kg2 Kb2 65. Kh2 Rh4 66. Kg2 Kc2 67. Kh2 Kd2 68. Kg2 Ke2 69. Rf1 Ke3 70. Re1+ Kd4 71. Re6 Rh8 72. Rxb6 Ke4 73. Re6+ Kd4 74. Rg6 Rb8 75. Rf6 Ke3 76. Re6+ Kd4 77. Rd6+ Ke3 78. Re6+ Kd4 79. Rf6 Ke3 1/2-1/2

[Event "BEL-chT 1617"]
[Site "Belgium"]
[Date "2016.10.02"]
[Round "1.6"]
[White "Van der Auweraert, Elwin"]
[Black "Kabos, Tobias"]
[Result "1/2-1/2"]
[WhiteElo "2267"]
[BlackElo "2273"]
[PlyCount "44"]
[EventDate "2016.10.02"]
[EventType "team-tourn"]
[EventRounds "11"]
[EventCountry "BEL"]
[SourceTitle "EXT 2017"]
[Source "ChessBase"]
[SourceDate "2016.10.25"]
[SourceVersion "1"]
[SourceVersionDate "2016.10.25"]
[SourceQuality "1"]
[WhiteTeam "Wachtebeke"]
[BlackTeam "Liege Crelel"]
[WhiteTeamCountry "BEL"]
[BlackTeamCountry "BEL"]

1. Nf3 d6 2. c4 e5 3. Nc3 f5 4. e4 Nf6 5. Bd3 f4 6. b4 Be7 7. h3 0-0 8. c5 dxc5 9. Bc4+ Kh8 10. bxc5 Bxc5 11. Qe2 Nc6 12. 0-0 Nd4 13. Nxd4 Bxd4 14. Rb1 f3 15. Qxf3 Ng4 16. hxg4 Rxf3 17. gxf3 Qh4 18. Ne2 Bxg4 19. fxg4 Qxg4+ 20. Kh1 Qh4+ 21. Kg1 Qg4+ 22. Kh1 Qh4+ 1/2-1/2

[Event "Prague Summer op-A 3rd"]
[Site "Prague"]
[Date "2016.08.08"]
[Round "5"]
[White "Van der Auweraert, Elwin"]
[Black "Kubikova, Alena"]
[Result "0-1"]
[WhiteElo "2320"]
[BlackElo "2108"]
[PlyCount "84"]
[EventDate "2016.08.05"]
[EventType "swiss"]
[EventRounds "9"]
[EventCountry "CZE"]
[SourceTitle "CBM 173 Extra"]
[Source "ChessBase"]
[SourceDate "2016.08.29"]
[SourceVersion "1"]
[SourceVersionDate "2016.08.29"]
[SourceQuality "1"]

1. e4 g6 2. d4 Bg7 3. Nf3 d6 4. Be2 c6 5. a4 Bg4 6. Nc3 Bxf3 7. Bxf3 Qb6 8. Ne2 Nd7 9. 0-0 Ngf6 10. a5 Qc7 11. a6 b5 12. Be3 0-0 13. Qd3 e5 14. c3 Rfe8 15. Ng3 Rad8 16. Bd1 h5 17. Bg5 Rb8 18. f4 Nh7 19. Bb3 exd4 20. cxd4 c5 21. Ba2 Bxd4+ 22. Kh1 Nxg5 23. fxg5 Ne5 24. Qc2 c4 25. Rad1 Be3 26. h4 Qd7 27. Qe2 Bc5 28. Rf4 Re7 29. b3 b4 30. bxc4 b3 31. Bb1 Qa4 32. Nf5 gxf5 33. exf5 Ng6 34. Re4 Rxe4 35. Qxe4 Re8 36. Qf3 Qxc4 37. fxg6 Qxh4+ 38. Qh3 Re1+ 39. Rxe1 Qxe1+ 40. Kh2 Bg1+ 41. Kh1 Bf2+ 42. Kh2 Qg1# 0-1

[Event "Maastricht Limburg op-A 9th"]
[Site "Maastricht"]
[Date "2015.05.25"]
[Round "7"]
[White "Van der Auweraert, Elwin"]
[Black "Schiffers, Sascha"]
[Result "0-1"]
[WhiteElo "2260"]
[BlackElo "2103"]
[PlyCount "68"]
[EventDate "2015.05.22"]
[EventType "swiss"]
[EventRounds "7"]
[EventCountry "NED"]
[SourceTitle "CBM 166 Extra"]
[Source "ChessBase"]
[SourceDate "2015.06.18"]
[SourceVersion "1"]
[SourceVersionDate "2015.06.18"]
[SourceQuality "1"]

1. e4 e5 2. Nf3 Nc6 3. Bb5 a6 4. Ba4 Nf6 5. d3 b5 6. Bb3 d6 7. h3 Be7 8. 0-0 Na5 9. Nbd2 0-0 10. Re1 h6 11. c3 Nxb3 12. Nxb3 c5 13. d4 Bb7 14. d5 Nh7 15. Nbd2 f5 16. b3 Ng5 17. c4 Bc8 18. Bb2 Rb8 19. cxb5 axb5 20. Bc3 Nxe4 21. Nxe4 fxe4 22. Rxe4 Bf5 23. Re1 Qe8 24. Kh1 Qg6 25. Qe2 Rf7 26. Bxe5 Bd3 27. Qe3 Rxf3 28. Qxf3 dxe5 29. Rad1 e4 30. Qe3 Bd6 31. f4 Qf5 32. g3 Qxh3+ 33. Kg1 Qf5 34. Kg2 Qxd5 0-1

[Event "Rotterdam Pathena op"]
[Site "Rotterdam"]
[Date "2015.05.07"]
[Round "6"]
[White "Evengroen, Jan"]
[Black "Van der Auweraert, Elwin"]
[Result "1-0"]
[WhiteElo "2113"]
[BlackElo "2262"]
[PlyCount "143"]
[EventDate "2015.05.02"]
[EventType "swiss"]
[EventRounds "7"]
[EventCountry "NED"]
[SourceTitle "CBM 166 Extra"]
[Source "ChessBase"]
[SourceDate "2015.06.18"]
[SourceVersion "1"]
[SourceVersionDate "2015.06.18"]
[SourceQuality "1"]

1. e4 c5 2. Nf3 d6 3. d4 cxd4 4. Nxd4 Nf6 5. Nc3 a6 6. Be3 e5 7. Nb3 Be6 8. Nd5 Nbd7 9. f3 Bxd5 10. exd5 Be7 11. Qd2 0-0 12. Na5 Qc7 13. c4 Rfe8 14. b4 e4 15. f4 Ng4 16. Be2 Nxe3 17. Qxe3 b6 18. Nc6 Bh4+ 19. g3 Bf6 20. Rb1 a5 21. a3 axb4 22. axb4 Nb8 23. Nd4 Bxd4 24. Qxd4 Ra2 25. Ra1 Qa7 26. 0-0 f5 27. Bh5 Rc8 28. Rxa2 Qxa2 29. Qxb6 Qxc4 30. Qxd6 Kh8 31. Qe6 Rd8 32. Qe7 Qd4+ 33. Kg2 Qxd5 34. Rd1 Qa2+ 35. Kh3 Rxd1 36. Bf7 Qxf7 37. Qxf7 Rd8 38. Qxf5 Nd7 39. Qd5 e3 40. Qd6 e2 41. Qe7 Rb8 42. Qxe2 Nf6 43. Qc4 h5 44. Kg2 Rd8 45. h3 Rd2+ 46. Kf3 Rb2 47. g4 hxg4+ 48. hxg4 Kh7 49. g5 Nh5 50. Qe4+ g6 51. Qe7+ Ng7 52. Ke3 Kg8 53. Kd3 Rb1 54. Kc4 Rf1 55. Qe5 Nh5 56. Qe8+ Kg7 57. Qe7+ Kg8 58. Qe6+ Kg7 59. Qe5+ Kg8 60. b5 Nxf4 61. b6 Rb1 62. Qxf4 Rxb6 63. Kc5 Re6 64. Kd5 Rb6 65. Qc7 Rb5+ 66. Ke6 Rf5 67. Qd8+ Kg7 68. Qe7+ Kg8 69. Qd8+ Kg7 70. Qd4+ Kg8 71. Qe4 Kg7 72. Qh4 1-0

[Event "Leiden op-A 8th"]
[Site "Leiden"]
[Date "2014.07.12"]
[Round "2"]
[White "Van der Auweraert, Elwin"]
[Black "Ikonnikov, Vyacheslav"]
[Result "1/2-1/2"]
[WhiteElo "2198"]
[BlackElo "2556"]
[PlyCount "81"]
[EventDate "2014.07.11"]
[EventType "swiss"]
[EventRounds "9"]
[EventCountry "NED"]
[SourceTitle "CBM 161 Extra"]
[Source "ChessBase"]
[SourceDate "2014.08.29"]
[SourceVersion "1"]
[SourceVersionDate "2014.08.29"]
[SourceQuality "1"]

1. e4 c5 2. Nf3 Nc6 3. Nc3 Nd4 4. Bc4 e6 5. 0-0 a6 6. a4 Qc7 7. d3 Bd6 8. h3 Nxf3+ 9. Qxf3 Ne7 10. Qe3 Be5 11. Kh1 0-0 12. f4 Bxc3 13. bxc3 d5 14. Ba2 dxe4 15. Qxe4 Nf5 16. Kh2 Bd7 17. a5 h5 18. Qe5 Qxe5 19. fxe5 Rfc8 20. Bg5 Bb5 21. g4 hxg4 22. hxg4 Nh6 23. Bxh6 gxh6 24. c4 Bc6 25. c3 Rd8 26. Rad1 Rd7 27. d4 cxd4 28. cxd4 Be4 29. Rf4 Bg6 30. d5 Rc8 31. Bb3 Kg7 32. Rf6 Rc5 33. dxe6 Rxd1 34. Bxd1 Rxe5 35. exf7 Bxf7 36. Rb6 Bxc4 37. Rxb7+ Kf6 38. Kg3 Rxa5 39. Rh7 Kg5 40. Rg7+ Kf6 41. Rh7 1/2-1/2

[Event "Maastricht Limburg op-A 8th"]
[Site "Maastricht"]
[Date "2014.06.08"]
[Round "5"]
[White "Van der Auweraert, Elwin"]
[Black "De Wit, Albert"]
[Result "1/2-1/2"]
[WhiteElo "2212"]
[BlackElo "1999"]
[PlyCount "98"]
[EventDate "2014.06.06"]
[EventType "swiss"]
[EventRounds "7"]
[EventCountry "NED"]
[SourceTitle "CBM 160 Extra"]
[Source "ChessBase"]
[SourceDate "2014.07.01"]
[SourceVersion "1"]
[SourceVersionDate "2014.07.01"]
[SourceQuality "1"]

1. e4 g6 2. d4 c6 3. Nc3 d5 4. e5 Bg7 5. Bg5 f6 6. exf6 Nxf6 7. Qd2 0-0 8. 0-0-0 b5 9. f3 Nbd7 10. Nge2 Nb6 11. Ng3 Qd6 12. Kb1 b4 13. Nce2 Nc4 14. Qc1 e5 15. dxe5 Qxe5 16. Nd4 Bd7 17. Bxc4 dxc4 18. Rhe1 Qa5 19. Re7 Rad8 20. Bh6 Rf7 21. Rde1 Nd5 22. Rxf7 Kxf7 23. Bxg7 Kxg7 24. Ne4 h6 25. h4 Qb6 26. Ne2 Rf8 27. h5 gxh5 28. Rh1 Be8 29. Qe1 Bg6 30. Qg3 Qb8 31. Qh4 b3 32. Nd4 bxc2+ 33. Kxc2 Qe5 34. Nxc6 Ne3+ 35. Kc1 Qf4 36. Qe7+ Rf7 37. Qe5+ Qxe5 38. Nxe5 Rc7 39. Nxg6 Kxg6 40. Re1 Nd5 41. Rd1 Nb4 42. Rd6+ Kg7 43. Nf6 Rc5 44. Ne4 Nxa2+ 45. Kd2 Rb5 46. Kc2 a5 47. Rd7+ Kg6 48. Rd6+ Kg7 49. Rd7+ Kg6 1/2-1/2

[Event "Delft Prinsenstad op-A 7th"]
[Site "Delft"]
[Date "2014.04.20"]
[Round "5"]
[White "Oosterom, Erik"]
[Black "Van der Auweraert, Elwin"]
[Result "0-1"]
[WhiteElo "2092"]
[BlackElo "2217"]
[PlyCount "90"]
[EventDate "2014.04.18"]
[EventType "swiss"]
[EventRounds "6"]
[EventCountry "NED"]
[SourceTitle "CBM 159 Extra"]
[Source "ChessBase"]
[SourceDate "2014.04.24"]
[SourceVersion "1"]
[SourceVersionDate "2014.04.24"]
[SourceQuality "1"]

1. Nf3 Nf6 2. c4 b6 3. g3 Bb7 4. Bg2 e6 5. d4 c5 6. d5 exd5 7. Nh4 g6 8. Nc3 Bg7 9. Nxd5 Nxd5 10. Bxd5 Bxd5 11. Qxd5 Nc6 12. Bg5 Bf6 13. Bxf6 Qxf6 14. Rd1 0-0 15. Qd2 Rfe8 16. 0-0 Re4 17. Nf3 Rae8 18. Qg5 Qxg5 19. Nxg5 Rxe2 20. Rxd7 R8e7 21. Rxe7 Nxe7 22. Rd1 h6 23. Nf3 Rxb2 24. Rd7 Nc6 25. Rc7 Nd4 26. Ne5 Rxa2 27. Nxf7 h5 28. Ne5 g5 29. h3 a5 30. Nf7 a4 31. Nxg5 a3 32. Ne4 Ra1+ 33. Kg2 a2 34. Ra7 Nc6 35. Ra3 Re1 36. Rxa2 Rxe4 37. Ra6 Rxc4 38. Rxb6 Nd4 39. Rh6 Rc1 40. Rxh5 c4 41. Rd5 Ne6 42. Re5 Kf7 43. Kf3 Nd4+ 44. Kg4 c3 45. Re4 Rd1 0-1

[Event "Split op 3rd"]
[Site "Split"]
[Date "2013.08.14"]
[Round "5"]
[White "Van der Auweraert, Elwin"]
[Black "Zakhartsov, Vladimir"]
[Result "0-1"]
[WhiteElo "2155"]
[BlackElo "2324"]
[PlyCount "68"]
[EventDate "2013.08.10"]
[EventType "swiss"]
[EventRounds "9"]
[EventCountry "CRO"]
[SourceTitle "CBM 155 Extra"]
[Source "ChessBase"]
[SourceDate "2013.08.26"]
[SourceVersion "1"]
[SourceVersionDate "2013.08.26"]
[SourceQuality "1"]

1. c4 e5 2. g3 Nf6 3. Bg2 c6 4. Nf3 e4 5. Nd4 d5 6. cxd5 cxd5 7. Nc3 Bc5 8. Nb3 Bb6 9. d3 Qe7 10. dxe4 dxe4 11. 0-0 e3 12. Bxe3 Bxe3 13. fxe3 Qxe3+ 14. Kh1 0-0 15. Rxf6 gxf6 16. Ne4 Kg7 17. Qf1 f5 18. Nd6 Nc6 19. Nxf5+ Bxf5 20. Qxf5 Qe5 21. Qg4+ Kh8 22. Qd7 Qxb2 23. Rf1 Qxe2 24. Qxb7 Rac8 25. h3 Ne7 26. Nd4 Qe3 27. Nc6 Nxc6 28. Rxf7 Qh6 29. Qb2+ Kg8 30. Rd7 Rf7 31. Qb7 Rb8 32. Qxc6 Rb1+ 33. Kh2 Qxc6 34. Bxc6 Rf2+ 0-1

[Event "Split op 3rd"]
[Site "Split"]
[Date "2013.08.13"]
[Round "4"]
[White "Drazic, Sinisa"]
[Black "Van der Auweraert, Elwin"]
[Result "1-0"]
[WhiteElo "2473"]
[BlackElo "2155"]
[PlyCount "119"]
[EventDate "2013.08.10"]
[EventType "swiss"]
[EventRounds "9"]
[EventCountry "CRO"]
[SourceTitle "CBM 155 Extra"]
[Source "ChessBase"]
[SourceDate "2013.08.26"]
[SourceVersion "1"]
[SourceVersionDate "2013.08.26"]
[SourceQuality "1"]

1. c4 e5 2. Nc3 Nc6 3. Nf3 Nf6 4. d4 exd4 5. Nxd4 d6 6. g3 Bd7 7. Bg2 Be7 8. Nc2 0-0 9. 0-0 Re8 10. b3 Qc8 11. Re1 Bh3 12. Bh1 Ne5 13. Ba3 Bf8 14. Qd2 g6 15. Rad1 a5 16. Ne3 Bh6 17. f4 Neg4 18. Ned5 Nh5 19. Bf3 Qd8 20. Ne4 c6 21. Bxg4 Bxg4 22. Nf2 Be6 23. Nc3 d5 24. cxd5 cxd5 25. Nxd5 Bxd5 26. Qxd5 Qxd5 27. Rxd5 a4 28. Bb4 axb3 29. axb3 Ra2 30. Rd2 Rxd2 31. Bxd2 Bf8 32. Kg2 Nf6 33. Kf3 Ra8 34. Nd3 Nd7 35. Rc1 Bd6 36. g4 f5 37. gxf5 gxf5 38. Rg1+ Kf7 39. Rg5 Ke6 40. Rg7 Ra2 41. Be3 h5 42. Rg6+ Kd5 43. Rg5 Ke6 44. Rxh5 Ra3 45. Rh6+ Kd5 46. Rh7 Ke6 47. b4 Rb3 48. Bd2 b6 49. h4 Nf6 50. Rb7 Nd5 51. h5 Bf8 52. Rb8 Bg7 53. Be3 Rb1 54. Bxb6 Rh1 55. Bf2 Rh3+ 56. Kg2 Rxh5 57. Rd8 Nc3 58. Nc5+ Kf7 59. Rd7+ Kg8 60. Rxg7+ 1-0

[Event "Split op 3rd"]
[Site "Split"]
[Date "2013.08.11"]
[Round "2"]
[White "Jovanic, Ognjen"]
[Black "Van der Auweraert, Elwin"]
[Result "0-1"]
[WhiteElo "2519"]
[BlackElo "2155"]
[PlyCount "166"]
[EventDate "2013.08.10"]
[EventType "swiss"]
[EventRounds "9"]
[EventCountry "CRO"]
[SourceTitle "CBM 155 Extra"]
[Source "ChessBase"]
[SourceDate "2013.08.26"]
[SourceVersion "1"]
[SourceVersionDate "2013.08.26"]
[SourceQuality "1"]

1. d4 Nf6 2. Nf3 e6 3. e3 c5 4. Bd3 Be7 5. 0-0 0-0 6. c4 d5 7. cxd5 exd5 8. dxc5 Bxc5 9. b3 Nc6 10. Bb2 Bg4 11. Be2 Re8 12. Nc3 a6 13. Rc1 Ba7 14. h3 Bh5 15. Nh4 Bg6 16. Nxg6 hxg6 17. Bf3 d4 18. exd4 Bxd4 19. Na4 Bxb2 20. Nxb2 Nd4 21. Nc4 Rb8 22. Rc3 b5 23. Rd3 Nxf3+ 24. Qxf3 Qc7 25. Ne3 Rbd8 26. Rfd1 Rxd3 27. Rxd3 Rd8 28. Rxd8+ Qxd8 29. Qc6 Qa5 30. Qc2 Kh7 31. g3 Qb6 32. h4 Qe6 33. Qc5 Qe4 34. Qc2 Qf3 35. Ng2 Nd5 36. Ne1 Qg4 37. Qd2 Qe4 38. Nc2 b4 39. a3 a5 40. axb4 axb4 41. Nd4 Nc3 42. Kh2 Qd5 43. Qf4 f6 44. f3 Nb5 45. Nxb5 Qxb5 46. Qe4 Qc5 47. Kg2 f5 48. Qd3 Qc3 49. Qd1 Qb2+ 50. Kg1 Qe5 51. f4 Qe3+ 52. Kg2 Kh6 53. Qf3 Qd2+ 54. Kh3 Qc3 55. Qd1 Qb2 56. Qd8 Kh7 57. Qd5 Qc2 58. Qf3 Qc3 59. Qd1 Qb2 60. h5 gxh5 61. Qxh5+ Kg8 62. Qe8+ Kh7 63. Qh5+ Kg8 64. Qe8+ Kh7 65. Qe6 Qc2 66. Qd5 Qb1 67. Kh4 Kh6 68. Qf3 Kg6 69. Qc6+ Kh7 70. Qd5 Kh6 71. Qf3 Kg6 72. Qc6+ Kh7 73. Qe6 Qd3 74. Qf7 Qd8+ 75. Kh3 Qd3 76. Qh5+ Kg8 77. Qe8+ Kh7 78. Qh5+ Kg8 79. Qe8+ Kh7 80. Qe6 Qc2 81. Qd5 Qb1 82. Qf3 Qc2 83. g4 Qc3 0-1

[Event "Vellmar op-A 5th"]
[Site "Vellmar"]
[Date "2013.07.28"]
[Round "6"]
[White "Ivanov, Mikhail"]
[Black "Van der Auweraert, Elwin"]
[Result "0-1"]
[WhiteElo "2392"]
[BlackElo "2154"]
[PlyCount "82"]
[EventDate "2013.07.25"]
[EventType "swiss"]
[EventRounds "7"]
[EventCountry "GER"]
[SourceTitle "EXT 2015"]
[Source "ChessBase"]
[SourceDate "2014.11.20"]
[SourceVersion "1"]
[SourceVersionDate "2014.11.20"]
[SourceQuality "1"]

1. Nf3 Nf6 2. c4 b6 3. g3 Bb7 4. Bg2 e6 5. 0-0 c5 6. b3 Be7 7. Bb2 0-0 8. e3 Nc6 9. d4 cxd4 10. exd4 d5 11. Nbd2 dxc4 12. bxc4 Na5 13. Rc1 Rc8 14. Qe2 Ba6 15. Ne5 Nd7 16. Nb3 Nxe5 17. Nxa5 bxa5 18. dxe5 Qd7 19. Rc3 Qa4 20. Rfc1 Bb4 21. Qc2 Qe8 22. Re3 Rxc4 23. Qd1 Rxc1 24. Qxc1 Qd8 25. Bc3 Bc5 26. Re1 Qb6 27. Qf4 Rd8 28. Be4 Bd3 29. Rd1 Bxe4 30. Rxd8+ Qxd8 31. Qxe4 Bb6 32. Kg2 h5 33. Qc4 Qa8+ 34. f3 Qd8 35. g4 hxg4 36. fxg4 Qa8+ 37. Kg3 Qh1 38. Bd4 Qe1+ 39. Kf3 Qd1+ 40. Ke3 Qxg4 41. Kd3 Qh3+ 0-1

[Event "Leiden LCT op-A 7th"]
[Site "Leiden"]
[Date "2013.07.20"]
[Round "8"]
[White "Van der Auweraert, Elwin"]
[Black "Van der Hoeven, Gerben"]
[Result "1-0"]
[WhiteElo "2154"]
[BlackElo "1962"]
[PlyCount "105"]
[EventDate "2013.07.12"]
[EventType "swiss"]
[EventRounds "9"]
[EventCountry "NED"]
[SourceTitle "CBM 155 Extra"]
[Source "ChessBase"]
[SourceDate "2013.08.26"]
[SourceVersion "1"]
[SourceVersionDate "2013.08.26"]
[SourceQuality "1"]

1. Nf3 c5 2. c4 Nc6 3. Nc3 Nf6 4. g3 e6 5. Bg2 d5 6. cxd5 Nxd5 7. 0-0 Be7 8. d3 0-0 9. Bd2 b6 10. Nxd5 exd5 11. e3 Bf6 12. Bc3 Bg4 13. h3 Be6 14. Bxf6 Qxf6 15. d4 Rac8 16. Rc1 c4 17. Ne1 Rfd8 18. Kh2 b5 19. f4 Qe7 20. f5 Bd7 21. Nc2 Be8 22. f6 gxf6 23. Qg4+ Kh8 24. Qh5 b4 25. Bxd5 Ne5 26. Be4 Ng6 27. Rf4 f5 28. Bxf5 f6 29. Re4 Qb7 30. Rxe8+ Rxe8 31. Bxg6 Rg8 32. Bf5 Rc7 33. Ne1 b3 34. axb3 Qxb3 35. Qe2 Rb8 36. Rc2 Rb6 37. Ng2 a5 38. Nf4 c3 39. bxc3 Rxc3 40. Rxc3 Qxc3 41. Qh5 Rb2+ 42. Ng2 Qc7 43. e4 Qa7 44. Qh6 Qe7 45. Qc1 Rb3 46. h4 a4 47. Qc8+ Kg7 48. Nf4 a3 49. Ne6+ Kf7 50. Qh8 a2 51. Qxh7+ Ke8 52. Qg8+ Kd7 53. Nc5+ 1-0

[Event "Leiden LCT op-A 7th"]
[Site "Leiden"]
[Date "2013.07.18"]
[Round "6"]
[White "Van der Auweraert, Elwin"]
[Black "Wilschut, Peter"]
[Result "1/2-1/2"]
[WhiteElo "2154"]
[BlackElo "2232"]
[PlyCount "50"]
[EventDate "2013.07.12"]
[EventType "swiss"]
[EventRounds "9"]
[EventCountry "NED"]
[SourceTitle "CBM 155 Extra"]
[Source "ChessBase"]
[SourceDate "2013.08.26"]
[SourceVersion "1"]
[SourceVersionDate "2013.08.26"]
[SourceQuality "1"]

1. d4 d5 2. c4 c6 3. Nf3 Nf6 4. e3 Bf5 5. Nbd2 e6 6. Nh4 Be4 7. f3 Bg6 8. Qb3 Qc7 9. Nxg6 hxg6 10. f4 Nbd7 11. Nf3 Ne4 12. Bd3 Ng3 13. Rg1 Ne4 14. Bd2 Nxd2 15. Kxd2 Nf6 16. Ke2 dxc4 17. Qxc4 Bd6 18. h4 Qb6 19. b3 0-0-0 20. g3 Kb8 21. Rgc1 Ba3 22. Rc2 Nd5 23. Ne5 Rhf8 24. Qa4 Bd6 25. Nc4 Qb4 1/2-1/2